| 000 | 00496nam a2200193 a 4500 | ||
|---|---|---|---|
| 005 | 20140310183423.0 | ||
| 008 | 070110s19uu xx 00 eng d | ||
| 020 | _a9812470476 | ||
| 050 |
_aQP 360 _b.P463 2006 |
||
| 100 | _aPinel, John P. | ||
| 245 |
_aBiopsychology / _cJohn P. J Pinel. |
||
| 250 | _a5th ed. | ||
| 260 |
_aSingapore : _bPearson. _c2006. |
||
| 300 |
_a552 p. : _bill. ; _c25 cm. |
||
| 521 | _aPSYCH | ||
| 650 | _aPsychobiology. | ||
| 942 |
_cBK _2lcc _kFOR |
||
| 999 |
_c22612 _d22612 |
||